[Event "Kiev Spring op"]
[Site "Kiev"]
[Date "2021.07.15"]
[Round "7"]
[White "Nikitin, Bogdan"]
[Black "Karnash, Andriy"]
[Result "1/2-1/2"]
[WhiteElo "1953"]
[BlackElo "2126"]
[PlyCount "92"]
[EventDate "2021.07.10"]
[EventType "swiss"]
[EventRounds "9"]
[EventCountry "UKR"]
[SourceTitle "EXT 2024"]
[Source "ChessBase"]
[SourceDate "2023.10.10"]
[SourceVersion "1"]
[SourceVersionDate "2023.10.10"]
[SourceQuality "1"]

1. e4 c5 2. Nf3 d6 3. d4 cxd4 4. Nxd4 Nf6 5. Nc3 a6 6. Bg5 e6 7. f4 Qc7 8. Qf3 b5 9. a3 Bb7 10. 0-0-0 Nbd7 11. g4 Be7 12. Bxf6 Bxf6 13. g5 Bxd4 14. Rxd4 Qb6 15. Qd3 Nc5 16. Qd2 0-0-0 17. b4 Na4 18. Nxa4 bxa4 19. Bg2 Rd7 20. Rd1 Rhd8 21. Kb1 Qc7 22. e5 d5 23. c4 Kb8 24. c5 Bc6 25. Bf1 Qb7 26. Qd3 Bb5 27. Qxh7 g6 28. Qh3 Rc7 29. Ka1 Rcc8 30. Bxb5 axb5 31. Qf3 Rh8 32. Rh1 Rh4 33. h3 Rch8 34. Rd2 Qc6 35. Kb2 Kc7 36. Rd4 Qd7 37. Rd2 Kc6 38. Rg2 Qe8 39. Rg4 R4h5 40. h4 Kc7 41. Kc3 Qa8 42. Kd4 Kc6 43. Qd3 R8h7 44. Qg3 Qd8 45. Qf2 Qh8 46. Qg3 Qd8 1/2-1/2

[Event "Kiev Spring op"]
[Site "Kiev"]
[Date "2021.07.12"]
[Round "4"]
[White "Karnash, Andriy"]
[Black "Ship, Yaroslav"]
[Result "1-0"]
[WhiteElo "2126"]
[BlackElo "1927"]
[PlyCount "97"]
[EventDate "2021.07.10"]
[EventType "swiss"]
[EventRounds "9"]
[EventCountry "UKR"]
[SourceTitle "EXT 2024"]
[Source "ChessBase"]
[SourceDate "2023.10.10"]
[SourceVersion "1"]
[SourceVersionDate "2023.10.10"]
[SourceQuality "1"]

1. e4 c5 2. Nf3 e6 3. d4 cxd4 4. Nxd4 a6 5. Bd3 Nf6 6. 0-0 d6 7. Nc3 g6 8. Bg5 Bg7 9. Kh1 Qc7 10. f4 Nfd7 11. Nb3 0-0 12. f5 Ne5 13. f6 Bh8 14. Nd4 Nbd7 15. Qe1 Nxd3 16. cxd3 Qc5 17. Nf5 Bxf6 18. Bxf6 Nxf6 19. d4 Qb4 20. Ne7+ Kg7 21. Rxf6 Bd7 22. Qf2 Rae8 23. Ned5 exd5 24. Nxd5 Qa4 25. Rxd6 Re6 26. Nc3 Rxd6 27. Nxa4 Bxa4 28. d5 f6 29. Rc1 Rf7 30. Qd4 Bb5 31. h3 Re7 32. a4 Be8 33. Qb4 Rdd7 34. d6 Re6 35. Rc7 Kh6 36. Rxd7 Bxd7 37. Qb6 Bc6 38. Qc7 Rxe4 39. d7 Re1+ 40. Kh2 Re2 41. Qxc6 bxc6 42. d8Q Rxb2 43. Qf8+ Kh5 44. Qxf6 Rc2 45. h4 Kh6 46. Qf8+ Kh5 47. Kh3 Rc4 48. g4+ Rxg4 49. Qf3 1-0

[Event "Kiev Spring op"]
[Site "Kiev"]
[Date "2021.07.10"]
[Round "1"]
[White "Ivanov, Ivan Petr"]
[Black "Karnash, Andriy"]
[Result "0-1"]
[WhiteElo "1491"]
[BlackElo "2126"]
[PlyCount "86"]
[EventDate "2021.07.10"]
[EventType "swiss"]
[EventRounds "9"]
[EventCountry "UKR"]
[SourceTitle "EXT 2024"]
[Source "ChessBase"]
[SourceDate "2023.10.10"]
[SourceVersion "1"]
[SourceVersionDate "2023.10.10"]
[SourceQuality "1"]

1. e4 c5 2. c3 Nf6 3. e5 Nd5 4. Nf3 e6 5. a3 d6 6. Bb5+ Bd7 7. Qa4 Nc6 8. d4 a6 9. Bxc6 Bxc6 10. Qd1 cxd4 11. cxd4 Rc8 12. 0-0 Be7 13. Bd2 Qb6 14. Bb4 Nxb4 15. axb4 Qxb4 16. Qd2 dxe5 17. Qxb4 Bxb4 18. Nxe5 Bb5 19. Rd1 Be2 20. Na3 Bxd1 21. Rxd1 0-0 22. g3 Rfd8 23. Rd3 f6 24. Nf3 e5 25. Rb3 Bxa3 26. bxa3 e4 27. Nh4 b5 28. Nf5 Kf7 29. Rb4 Rc4 30. Rb3 g6 31. Ne3 Rc1+ 32. Kg2 Rxd4 33. Nf1 Rd3 34. Rb4 f5 35. Ne3 Rxa3 36. Nd5 Raa1 37. Ne3 Ra4 38. Rb2 Rd4 39. Ra2 Rc6 40. h4 b4 41. Nc2 b3 42. Nxd4 bxa2 43. Nb3 a5 0-1

[Event "UKR-ch U20"]
[Site "Mykolaiv"]
[Date "2018.03.01"]
[Round "9"]
[White "Karnash, Andriy"]
[Black "Gayun, Dmytro"]
[Result "1-0"]
[WhiteElo "2025"]
[BlackElo "2263"]
[PlyCount "49"]
[EventDate "2018.02.21"]
[EventType "swiss"]
[EventRounds "9"]
[EventCountry "UKR"]
[SourceTitle "CBM 183 Extra"]
[Source "ChessBase"]
[SourceDate "2018.04.19"]
[SourceVersion "1"]
[SourceVersionDate "2018.04.19"]
[SourceQuality "1"]

1. e4 Nf6 2. e5 Nd5 3. d4 d6 4. Nf3 Bg4 5. Be2 e6 6. 0-0 Be7 7. h3 Bh5 8. c4 Nb6 9. Nc3 0-0 10. Be3 N8d7 11. exd6 cxd6 12. b3 Bg6 13. Rc1 e5 14. dxe5 dxe5 15. a4 e4 16. Nd4 Ne5 17. a5 Nbd7 18. Nd5 Nc5 19. Rc3 Ncd3 20. f4 Nc6 21. f5 Bg5 22. Bf2 Bh4 23. Bxd3 exd3 24. Rxd3 Ne5 25. Re3 1-0

[Event "UKR-ch U20"]
[Site "Mykolaiv"]
[Date "2018.02.26"]
[Round "6"]
[White "Sidorika, Vladislav"]
[Black "Karnash, Andriy"]
[Result "0-1"]
[WhiteElo "2082"]
[BlackElo "2025"]
[PlyCount "94"]
[EventDate "2018.02.21"]
[EventType "swiss"]
[EventRounds "9"]
[EventCountry "UKR"]
[SourceTitle "CBM 183 Extra"]
[Source "ChessBase"]
[SourceDate "2018.04.19"]
[SourceVersion "1"]
[SourceVersionDate "2018.04.19"]
[SourceQuality "1"]

1. Nf3 Nf6 2. g3 d5 3. c4 e6 4. Bg2 d4 5. 0-0 c5 6. b4 cxb4 7. a3 Nc6 8. d3 a5 9. axb4 Bxb4 10. Ba3 Bd7 11. e3 dxe3 12. fxe3 0-0 13. d4 Ra6 14. Ne5 Qc7 15. Nd3 e5 16. d5 Bg4 17. Qb3 e4 18. Nc5 Rb6 19. Na4 Ne5 20. Nxb6 Qxb6 21. Bb2 Qd6 22. Bxe5 Qxe5 23. Na3 Be2 24. Rfb1 Bd3 25. Nc2 Ng4 26. Bh3 Nxe3 27. Nxe3 Bc5 28. Re1 Bxe3+ 29. Kh1 Qf6 30. Ra2 Bd4 31. Bg2 Qa6 32. Ra4 f5 33. Bf1 Bxf1 34. Rxf1 b6 35. Rd1 Bc5 36. Ra2 Rd8 37. Kg2 Rd6 38. Qa4 Qc8 39. Re2 h5 40. Rf1 Kh7 41. Qa1 Rf6 42. Qc1 Qe8 43. h3 Qg6 44. Qc3 f4 45. Kh2 f3 46. Re3 Bd6 47. Qe1 h4 0-1

[Event "UKR-ch U20"]
[Site "Mykolaiv"]
[Date "2018.02.24"]
[Round "4"]
[White "Karnash, Andriy"]
[Black "Maliutin, Oleksandr"]
[Result "1/2-1/2"]
[WhiteElo "2025"]
[BlackElo "2309"]
[PlyCount "26"]
[EventDate "2018.02.21"]
[EventType "swiss"]
[EventRounds "9"]
[EventCountry "UKR"]
[SourceTitle "CBM 183 Extra"]
[Source "ChessBase"]
[SourceDate "2018.04.19"]
[SourceVersion "1"]
[SourceVersionDate "2018.04.19"]
[SourceQuality "1"]

1. e4 c5 2. Nf3 d6 3. Bb5+ Bd7 4. Bxd7+ Nxd7 5. 0-0 Ngf6 6. Re1 e6 7. c3 Be7 8. d4 0-0 9. Bg5 h6 10. Bxf6 Bxf6 11. Na3 cxd4 12. cxd4 Nb6 13. Rc1 d5 1/2-1/2